[Event "WSCC 65 Open 2017"]
[Site "?"]
[Date "2017.11.18"]
[Round "10"]
[White "Kalegin, Evgenij"]
[Black "Biro, Sandor"]
[Result "1-0"]
[WhiteElo "2426"]
[BlackElo "2168"]
[Annotator "TA"]
[PlyCount "53"]
[EventDate "2017.??.??"]
[EventType "swiss"]
[EventCountry "ITA"]
[SourceTitle "Acqui Terme"]

{[%evp 20,53,64,24,71,76,70,72,83,64,120,124,175,177,167,166,311,310,528,528,507,502,558,516,512,476,559,540,552,541,585,533,605,602,677,672]} 1. e4 Nc6 2. Nf3 e6 3. d4 d5 4. Nbd2 {[%cal Bb1d2,Bd2f1,Bf1e3,Be3d5][%mdl 32]} Nf6 5. e5 Nd7 6. Be2 f6 7. exf6 Qxf6 8. Nf1 Bd6 9. Ne3 O-O 10. O-O Qg6 11. g3 {LiveBook: 25 Games. C04: French Tarrasch: 3...Nc6} (11. c4 Nf6 12. Re1 Bd7 13. Qb3 a5 14. c5 Bf4 15. g3 Ne4 16. Ng2 Bxc1 17. Raxc1 Qf6 18. Rcd1 g5 {0-1 (27) Druska,J (2457)-Vovk,Y (2596) Slovakia 2016}) 11... e5 12. Nxd5 exd4 13. Nxd4 {White is slightly better.} Nxd4 $146 ({Predecessor:} 13... Nde5 14. Nf4 Qf7 15. Be3 Nc4 16. Bf3 Nxe3 17. fxe3 Qe8 18. Qd3 Ne5 {1-0 (51) Gerigk,E (2364)-Schmitz,T (2342) Germany 2012}) 14. Qxd4 Nc5 ({Black should try} 14... Nb6 $14) 15. Bf4 $16 Qxc2 (15... Kh8 $16 {is a better defense.}) 16. Bc4 $18 Kh8 {next ...Ne6 is good for Black.} 17. Nxc7 Bxf4 (17... Bxc7 $142 18. Qxc5 (18. Bxc7 Ne6 $16) 18... Rxf4 19. gxf4 (19. Qxc7 Rf8 $14) 19... Bh3) 18. Qxc5 {[%cal Rc5f8] [#]} Bh3 $2 (18... Rf5 {might work better.} 19. Qe7 Qxc4) 19. Nxa8 {White is clearly winning.} ({Don't go for} 19. gxf4 $2 Rxf4 20. Qh5 (20. Qd5 $2 Rg4+ 21. Kh1 Qxc4 $19) 20... Bxf1 $19) 19... Rxa8 20. gxf4 h6 {Hoping for ...Qg6+.} 21. Qh5 Bxf1 22. Bxf1 ({Weaker is} 22. Rxf1 Qxc4 23. Qf3 Qxa2 $11) 22... Rf8 23. Qe5 Qg6+ 24. Bg2 Re8 25. Qc3 Qf5 26. Re1 Rc8 27. Bh3 {Precision: White = 85%, Black = 18%.} 1-0

[Event "WSCC 65 Open 2017"]
[Site "?"]
[Date "2017.11.17"]
[Round "10"]
[White "Jansa, Vlastimil"]
[Black "Sveshnikov, Evgeny"]
[Result "*"]
[WhiteElo "2425"]
[BlackElo "2480"]
[Annotator "TA"]
[PlyCount "42"]
[EventDate "2017.??.??"]
[EventType "swiss"]
[EventCountry "ITA"]
[SourceTitle "Acqui Terme"]

{[%evp 16,42,11,17,20,20,16,2,0,7,11,0,0,12,18,0,8,8,18,0,0,0,0,0,0,-11,0,0,0]} 1. e4 c5 2. Nf3 Nc6 3. Bb5 e6 4. O-O Nge7 5. b3 a6 6. Bxc6 Nxc6 7. Bb2 b5 8. a4 b4 {B30: Sizilianisch (Rossolimo-Variante)} 9. d3 {LiveBook: 13 Partien. Die Stellung ist ausgeglichen.} (9. d4 cxd4 10. Nxd4 Qf6 11. Ra2 Nxd4 12. Bxd4 Qg6 13. Nd2 Bb7 14. f3 d5 15. e5 h5 16. f4 Qf5 17. Qf3 {½-½ (32) Cicak,S (2511)-Lagarde,M (2593) Germany 2016}) 9... f6 10. Nh4 {zielt auf Dh5+ ab.} Qe7 11. f4 Bb7 $146 ({Vorgänger:} 11... Qf7 12. Nd2 Be7 13. Nc4 Rb8 14. f5 O-O 15. Qg4 d5 16. Ne3 {1-0 (41) Shabanov,Y (2375)-Panchenko,A (2430) Sochi 1990}) 12. Nd2 O-O-O 13. Qg4 Kb8 14. Rae1 Qf7 15. Qh3 Be7 16. Nhf3 d5 17. Re2 Bc8 18. Qg3 Rhe8 19. Rfe1 Bf8 20. Kh1 Qh5 21. h3 Qf7 {Precision: Weiß = 39%, Schwarz = 87%.} *

[Event "WSCC 65 Open 2017"]
[Site "?"]
[Date "2017.11.17"]
[Round "10"]
[White "Vasiukov, Evgeni"]
[Black "Shevelev, Arkady"]
[Result "1/2-1/2"]
[WhiteElo "2404"]
[BlackElo "2280"]
[PlyCount "48"]
[EventDate "2017.??.??"]
[EventType "swiss"]
[EventCountry "ITA"]
[SourceTitle "Acqui Terme"]
[TimeControl "40/5400+30:1800+30"]
[WhiteClock "1:31:13"]
[BlackClock "1:28:02"]

1. e4 c6 2. d3 {[%emt 0:00:22]} d5 {[%emt 0:01:04]} 3. Nd2 {[%emt 0:00:02]} Qc7 {[%emt 0:00:25]} 4. g3 {[%emt 0:00:37]} Nf6 {[%emt 0:01:58]} 5. Bg2 {[%emt 0:00:09]} dxe4 {[%emt 0:01:43]} 6. dxe4 {[%emt 0:00:09]} e5 {[%emt 0:00:16]} 7. Ngf3 {[%emt 0:00:39]} Bg4 {[%emt 0:00:32]} 8. h3 {[%emt 0:00:49]} Bh5 {[%emt 0:00:30]} 9. g4 Bg6 10. Nh4 Bc5 11. Qe2 a5 12. Nf1 Nbd7 13. Ng3 Nf8 14. g5 N6d7 15. Nhf5 Ne6 16. h4 O-O-O 17. Qg4 Kb8 18. O-O f6 19. a3 fxg5 20. hxg5 Bxf5 21. exf5 Nf4 22. Bxf4 exf4 23. Nh5 g6 24. Nxf4 gxf5 1/2-1/2

[Event "WSCC 65 Open 2017"]
[Site "?"]
[Date "2017.11.18"]
[Round "10"]
[White "Reprintsev, Alexander"]
[Black "Granda Zuniga, Julio E"]
[Result "0-1"]
[WhiteElo "2361"]
[BlackElo "2650"]
[Annotator "TA"]
[PlyCount "74"]
[EventDate "2017.??.??"]
[EventType "swiss"]
[EventCountry "ITA"]
[SourceTitle "Acqui Terme"]

{[%evp 9,74,5,-2,-6,0,-17,10,12,8,10,16,21,22,16,25,27,27,24,23,23,25,22,23,0,0,0,0,0,0,0,0,-8,0,0,0,0,0,0,0,0,0,0,0,0,7,-20,-15,-42,-10,-39,0,0,0,-109,-108,-810,-751,-843,-873,-1857,-1823,-6202,-6406,-5502,-5493,-4994,-4994]} 1. e4 c5 2. b3 Nc6 3. Bb2 d6 4. Bb5 e5 (4... Nf6 5. Bxc6+ bxc6 6. d3 g6 7. e5 dxe5 8. Bxe5 Qd5 9. Nf3 Bg4 10. Nbd2 Bh6 11. Nc4 O-O 12. O-O Nh5 {1-0 (69) Gelashvili,T (2563)-Belous,V (2587) Saint Louis 2017}) 5. Nc3 Nge7 6. Nge2 {B20: Sicilian: Unusual White 2nd moves} g6 7. Nd5 {[%cal Rd5f6]} Bg7 (7... Nxd5 {is more complex.} 8. exd5 a6 9. Bd3 Ne7 10. c4 Bg7) 8. Nxe7 $146 {The position is equal.} ({Predecessor:} 8. O-O O-O 9. Nec3 a6 10. Nxe7+ Nxe7 11. Be2 f5 {0-1 (49) Evans,P (2056)-Roman,F (2319) Mar del Plata 2006}) 8... Qxe7 9. Bxc6+ bxc6 10. O-O O-O 11. d3 f5 12. exf5 $1 Bxf5 13. Qd2 g5 14. Rae1 Bg6 15. Qa5 g4 16. Qa4 Qd7 17. Bc1 Rf7 18. Ng3 d5 19. Re2 h5 {With the idea ...h4.} 20. Bg5 Qb7 21. Rfe1 Raf8 22. Qa3 Qb4 23. Qc1 Kh7 24. a3 Qb8 25. Nf1 a5 26. a4 Re8 27. Bh4 Qb4 28. Bg3 {[%cal Rg3e5]} Rfe7 {And now ...Bf6 would win.} 29. Nd2 Bf6 {[%cal Bg7f6,Bf6g5,Bg5f4][%mdl 32]} 30. f3 $1 Bg5 {White must now prevent ...h4.} 31. c3 {[#]} (31. fxg4 $11 hxg4 32. Bf2) 31... Qb6 $1 $36 {[%mdl 2048] Hoping for ...h4. Black is on the roll.} 32. Bxe5 $2 {[%mdl 8192]} (32. Kh1 $17) 32... Bxd3 $19 {Black is clearly winning.} 33. f4 {[#]} Bxf4 $1 {[%mdl 512]} 34. Rf1 (34. Bxf4 Rxe2) 34... Rxe5 35. Rxe5 c4+ 36. Kh1 Rxe5 37. Rxf4 Qe3 {Precision: White = 58%, Black = 70%.} 0-1

[Event "WSCC 65 Open 2017"]
[Site "?"]
[Date "2017.11.18"]
[Round "10"]
[White "Buchal, Stephan"]
[Black "Fritsch, Rolf"]
[Result "1/2-1/2"]
[WhiteElo "2347"]
[BlackElo "2213"]
[PlyCount "55"]
[EventDate "2017.??.??"]
[EventType "swiss"]
[EventCountry "ITA"]
[SourceTitle "Acqui Terme"]
[TimeControl "40/5400+30:1800+30"]
[WhiteClock "0:05:19"]
[BlackClock "0:06:07"]

1. c4 {[%emt 0:00:00]} e5 {[%emt 0:00:21]} 2. g3 {[%emt 0:00:00]} c5 {[%emt 0:00:45]} 3. Bg2 {[%emt 0:00:18]} Nc6 {[%emt 0:00:04]} 4. Nc3 {[%emt 0:00:51]} g6 {[%emt 0:00:28]} 5. d3 {[%emt 0:00:38]} Bg7 {[%emt 0:00:14]} 6. Nf3 {[%emt 0:03:10]} Nge7 {[%emt 0:00:22]} 7. O-O {[%emt 0:00:44]} O-O {[%emt 0:00:28]} 8. a3 {[%emt 0:01:21]} d6 {[%emt 0:07:05]} 9. Rb1 {[%emt 0:00:28]} a5 {[%emt 0:17:57]} 10. Bd2 {[%emt 0:07:39]} h6 {[%emt 0:02:54]} 11. Ne1 {[%emt 0:01:14]} f5 {[%emt 0:05:44]} 12. Nc2 {[%emt 0:01:38]} a4 {[%emt 0:30:18]} 13. Ne3 {[%emt 0:21:21]} Nd4 {[%emt 0:03:03]} 14. Ned5 {[%emt 0:00:42]} Nxd5 {[%emt 0:02:49]} 15. Nxd5 {[%emt 0:09:18]} Nb3 {[%emt 0:02:40]} 16. Bc3 {[%emt 0:10:43]} Bd7 {[%emt 0:02:10]} 17. e3 {[%emt 0:01:55]} Rb8 {[%emt 0:04:16]} 18. f4 {[%emt 0:05:48]} b5 {[%emt 0:02:03]} 19. Qc2 {[%emt 0:03:32]} Kh8 {[%emt 0:01:39]} 20. cxb5 {[%emt 0:06:14]} Bxb5 {[%emt 0:01:03]} 21. Rf2 {[%emt 0:03:38]} Qd7 {[%emt 0:02:18]} 22. Re1 {[%emt 0:06:43]} Rbe8 {[%emt 0:02:10]} 23. Nb6 {[%emt 0:03:53]} Qc7 {[%emt 0:02:05]} 24. Nc4 {[%emt 0:00:39]} Bc6 {[%emt 0:02:13]} 25. Rff1 {[%emt 0:00:43]} Bxg2 {[%emt 0:01:22]} 26. Qxg2 {[%emt 0:00:11]} e4 {[%emt 0:00:34]} 27. Qc2 {[%emt 0:04:05]} Re6 {[%emt 0:00:48]} 28. Rd1 {[%emt 0:01:15]} 1/2-1/2

[Event "WSCC 65 Open 2017"]
[Site "?"]
[Date "2017.11.18"]
[Round "10"]
[White "Brendel, Oliver"]
[Black "Sturua, Zurab"]
[Result "0-1"]
[WhiteElo "2334"]
[BlackElo "2536"]
[Annotator "TA"]
[PlyCount "46"]
[EventDate "2017.??.??"]
[EventType "swiss"]
[EventCountry "ITA"]
[SourceTitle "Acqui Terme"]

{[%evp 20,46,20,15,55,59,57,65,59,54,54,50,38,41,49,21,24,28,14,0,0,0,71,7,5,-94,-92,-828,-824]} 1. c4 g6 2. g3 Bg7 3. Bg2 d6 4. Nc3 e5 5. e4 Nc6 6. d3 f5 7. Nge2 Nf6 8. Nd5 O-O 9. Bg5 Be6 10. O-O Qd7 {A26: English Opening vs King's Indian with ...Nc6 and d3} 11. Rc1 {LiveBook: 18 Games} Rf7 12. Nxf6+ Bxf6 {White is slightly better.} 13. Bxf6 Rxf6 14. d4 exd4 {[#]} 15. exf5 $146 ({Predecessor:} 15. Nxd4 fxe4 16. Bxe4 Bh3 17. Re1 Raf8 18. f4 {1-0 (79) Howell,D (2670)-Sanders,I (2305) England 2015}) 15... Bxf5 16. Nxd4 Bg4 17. f3 {[#] aiming for Nxc6.} Bh3 18. Bxh3 Qxh3 19. Nb5 Rf7 20. f4 g5 (20... h5 $11) 21. fxg5 ({Better is} 21. Qd5 $16 {Hoping for Nxc7.} Ne7 22. Qxb7 (22. Qxg5+ Rg7 $11)) 21... Raf8 $11 22. Qd5 {[#]} (22. Rxf7 $11 Rxf7 23. Nd4) 22... Ne5 $1 $17 {[%cal Re5g4][%mdl 1024] White must now prevent ...Ng4. Black has strong compensation.} 23. Nd4 $2 {[%mdl 8192]} (23. Rxf7 $17 Rxf7 24. Qg2) 23... Ng4 0-1

[Event "WSCC 65 Open 2017"]
[Site "?"]
[Date "2017.11.18"]
[Round "10"]
[White "Sarno, Spartaco"]
[Black "Bergstrom, Rolf"]
[Result "1-0"]
[WhiteElo "2327"]
[BlackElo "2270"]
[PlyCount "83"]
[EventDate "2017.??.??"]
[EventType "swiss"]
[EventCountry "ITA"]
[SourceTitle "Acqui Terme"]
[TimeControl "40/5400+30:1800+30"]
[WhiteClock "0:32:36"]
[BlackClock "0:29:04"]

1. g3 {[%emt 0:00:00]} e5 {[%emt 0:00:12]} 2. c4 {[%emt 0:00:00]} d6 {[%emt 0:00:06]} 3. Bg2 {[%emt 0:00:37]} f5 {[%emt 0:00:14]} 4. Nc3 {[%emt 0:00:33]} Nf6 {[%emt 0:00:08]} 5. e3 {[%emt 0:00:12]} Be7 {[%emt 0:00:22]} 6. Nge2 {[%emt 0:00:07]} O-O {[%emt 0:02:48]} 7. O-O {[%emt 0:00:09]} c6 {[%emt 0:00:30]} 8. d3 {[%emt 0:22:06]} Be6 {[%emt 0:02:11]} 9. f4 {[%emt 0:00:19]} Nbd7 {[%emt 0:01:32]} 10. b3 {[%emt 0:00:25]} Qb6 {[%emt 0:09:35]} 11. Qd2 {[%emt 0:09:01]} Rae8 {[%emt 0:02:45]} 12. Bb2 {[%emt 0:05:10]} Ng4 {[%emt 0:10:17]} 13. Nd1 {[%emt 0:02:26]} Bf6 {[%emt 0:01:25]} 14. d4 {[%emt 0:13:25]} exf4 {[%emt 0:03:34]} 15. exf4 {[%emt 0:08:04]} Bf7 {[%emt 0:01:10]} 16. h3 {[%emt 0:01:23]} Nh6 {[%emt 0:02:01]} 17. Bf3 {[%emt 0:07:39]} g6 {[%emt 0:19:13]} 18. Kg2 {[%emt 0:05:45]} Bg7 {[%emt 0:02:00]} 19. Nf2 {[%emt 0:00:46]} Nf6 {[%emt 0:02:43]} 20. Nc3 {[%emt 0:02:31]} d5 {[%emt 0:08:27]} 21. Ba3 {[%emt 0:04:44]} Ne4 {[%emt 0:00:08]} 22. Bxe4 {[%emt 0:00:16]} fxe4 {[%emt 0:02:06]} 23. Bxf8 {[%emt 0:01:47]} Rxf8 {[%emt 0:00:18]} 24. c5 {[%emt 0:00:16]} Qb4 {[%emt 0:08:25]} 25. Ncxe4 {[%emt 0:00:34]} Qxd4 {[%emt 0:00:08]} 26. Qxd4 {[%emt 0:03:43]} Bxd4 {[%emt 0:00:05]} 27. Nd6 {[%emt 0:01:50]} Bxa1 {[%emt 0:03:16]} 28. Rxa1 {[%emt 0:00:06]} b6 {[%emt 0:01:20]} 29. Rc1 {[%emt 0:00:18]} b5 {[%emt 0:01:55]} 30. Nd3 {[%emt 0:01:13]} d4 {[%emt 0:02:21]} 31. Nb4 {[%emt 0:02:39]} Nf5 {[%emt 0:05:04]} 32. Nxf5 {[%emt 0:00:06]} gxf5 {[%emt 0:00:06]} 33. Kf2 {[%emt 0:00:05]} Rc8 {[%emt 0:07:49]} 34. Rd1 {[%emt 0:00:25]} a5 {[%emt 0:00:07]} 35. Nc2 {[%emt 0:00:05]} a4 {[%emt 0:01:04]} 36. Nxd4 {[%emt 0:00:12]} Rd8 {[%emt 0:00:47]} 37. Rd2 {[%emt 0:00:29]} a3 {[%emt 0:01:02]} 38. Ke1 {[%emt 0:01:18]} Re8+ {[%emt 0:01:27]} 39. Re2 {[%emt 0:02:21]} Rxe2+ {[%emt 0:00:05]} 40. Kxe2 {[%emt 0:00:08]} Bd5 {[%emt 0:30:06]} 41. Kd2 {[%emt 0:30:55]} Be4 {[%emt 0:00:00]} 42. Kc3 {[%emt 0:00:00]} 1-0

[Event "WSCC 65 Open 2017"]
[Site "?"]
[Date "2017.11.18"]
[Round "10"]
[White "Mantovani, Renzo"]
[Black "Schnelzer, Reinhold"]
[Result "1-0"]
[WhiteElo "2307"]
[BlackElo "2208"]
[PlyCount "169"]
[EventDate "2017.??.??"]
[EventType "swiss"]
[EventCountry "ITA"]
[SourceTitle "Acqui Terme"]
[TimeControl "40/5400+30:1800+30"]
[WhiteClock "0:02:18"]
[BlackClock "0:17:35"]

1. c4 {[%emt 0:00:00]} c5 {[%emt 0:00:43]} 2. Nc3 {[%emt 0:00:09]} Nc6 {[%emt 0:00:08]} 3. Nf3 {[%emt 0:00:49]} g6 {[%emt 0:00:46]} 4. g3 {[%emt 0:02:20]} Bg7 {[%emt 0:00:17]} 5. Bg2 {[%emt 0:00:09]} e6 {[%emt 0:01:00]} 6. d3 {[%emt 0:03:47]} Nge7 {[%emt 0:00:39]} 7. Bd2 {[%emt 0:05:36]} O-O {[%emt 0:06:00]} 8. Rb1 {[%emt 0:06:29]} h6 {[%emt 0:13:22]} 9. a3 {[%emt 0:01:47]} d6 {[%emt 0:08:57]} 10. b4 {[%emt 0:01:10]} e5 {[%emt 0:07:30]} 11. O-O {[%emt 0:00:57]} Rb8 {[%emt 0:02:14]} 12. Ne1 {[%emt 0:10:19]} b6 {[%emt 0:06:55]} 13. Nc2 {[%emt 0:03:23]} Be6 {[%emt 0:03:29]} 14. Ne3 {[%emt 0:02:18]} Qd7 {[%emt 0:02:53]} 15. Ned5 {[%emt 0:00:35]} f5 {[%emt 0:03:03]} 16. b5 {[%emt 0:11:16]} Nd8 {[%emt 0:03:17]} 17. a4 {[%emt 0:00:26]} f4 {[%emt 0:03:05]} 18. Nxe7+ {[%emt 0:07:14]} Qxe7 {[%emt 0:00:08]} 19. Nd5 {[%emt 0:00:06]} Bxd5 {[%emt 0:02:00]} 20. Bxd5+ {[%emt 0:00:16]} Kh7 {[%emt 0:01:01]} 21. e3 {[%emt 0:08:28]} fxg3 {[%emt 0:03:08]} 22. hxg3 {[%emt 0:04:11]} Ne6 {[%emt 0:04:14]} 23. Qg4 {[%emt 0:02:16]} Rf6 {[%emt 0:01:09]} 24. f4 {[%emt 0:04:27]} Rbf8 {[%emt 0:02:36]} 25. Bc3 {[%emt 0:12:49]} Nc7 {[%emt 0:00:40]} 26. Be4 {[%emt 0:00:16]} Qe6 {[%emt 0:01:03]} 27. Qh4 {[%emt 0:02:41]} R6f7 {[%emt 0:01:52]} 28. Qh1 {[%emt 0:05:25]} exf4 {[%emt 0:07:03]} 29. Bxg7 {[%emt 0:00:06]} Kxg7 {[%emt 0:00:20]} 30. gxf4 {[%emt 0:00:28]} Rd8 {[%emt 0:02:19]} 31. Qg2 {[%emt 0:00:54]} Kh7 {[%emt 0:01:42]} 32. Rf3 {[%emt 0:00:28]} d5 {[%emt 0:00:33]} 33. cxd5 {[%emt 0:00:17]} Nxd5 {[%emt 0:00:07]} 34. Rg3 {[%emt 0:00:19]} Ne7 {[%emt 0:00:22]} 35. Kh2 {[%emt 0:03:05]} Nf5 {[%emt 0:01:18]} 36. Bxf5 {[%emt 0:00:34]} Rxf5 {[%emt 0:01:16]} 37. Qe4 {[%emt 0:00:23]} Qa2+ {[%emt 0:02:43]} 38. Rg2 {[%emt 0:00:11]} Rh5+ {[%emt 0:01:30]} 39. Kg3 {[%emt 0:00:01]} Qf7 {[%emt 0:00:17]} 40. Rbg1 {[%emt 0:01:12]} Rhd5 {[%emt 0:34:22]} 41. Kf3 {[%emt 0:30:52]} R5d6 {[%emt 0:00:58]} 42. Rxg6 {[%emt 0:01:48]} Rxg6 {[%emt 0:00:00]} 43. Rxg6 {[%emt 0:00:00]} Qxg6 {[%emt 0:00:00]} 44. Qe7+ {[%emt 0:00:00]} Qg7 {[%emt 0:00:00]} 45. Qxd8 {[%emt 0:00:00]} Qf7 {[%emt 0:00:00]} 46. e4 {[%emt 0:00:00]} c4 {[%emt 0:00:00]} 47. dxc4 {[%emt 0:00:00]} Qxc4 {[%emt 0:00:00]} 48. Qd7+ {[%emt 0:00:00]} Kh8 {[%emt 0:00:00]} 49. Qe8+ {[%emt 0:00:00]} Kh7 {[%emt 0:00:00]} 50. Kg4 {[%emt 0:00:14]} Qf1 {[%emt 0:00:00]} 51. Qf7+ {[%emt 0:02:25]} Kh8 {[%emt 0:00:00]} 52. Qf6+ {[%emt 0:00:48]} Kh7 {[%emt 0:00:00]} 53. Qe7+ {[%emt 0:00:02]} Kg8 {[%emt 0:00:00]} 54. Qd8+ {[%emt 0:00:06]} Kg7 {[%emt 0:00:00]} 55. Qc7+ {[%emt 0:00:04]} Kg8 {[%emt 0:00:00]} 56. Qb8+ {[%emt 0:00:11]} Kg7 {[%emt 0:00:00]} 57. Qxa7+ {[%emt 0:00:04]} Kg8 {[%emt 0:00:00]} 58. Qb8+ {[%emt 0:01:36]} Kg7 {[%emt 0:00:00]} 59. Qc7+ {[%emt 0:00:22]} Kg8 {[%emt 0:00:00]} 60. Kf5 {[%emt 0:02:11]} Qh3+ {[%emt 0:00:00]} 61. Ke5 {[%emt 0:00:48]} Qh5+ {[%emt 0:00:00]} 62. Ke6 {[%emt 0:00:21]} Qg6+ {[%emt 0:00:00]} 63. Kd5 {[%emt 0:00:20]} h5 {[%emt 0:00:00]} 64. Qd8+ {[%emt 0:00:31]} Kf7 {[%emt 0:00:00]} 65. Qd7+ {[%emt 0:00:10]} Kf8 {[%emt 0:00:00]} 66. f5 {[%emt 0:00:34]} Qg4 {[%emt 0:00:00]} 67. Qd8+ {[%emt 0:00:35]} Kf7 {[%emt 0:00:00]} 68. Qc7+ {[%emt 0:00:04]} Kf8 {[%emt 0:00:00]} 69. Qb8+ {[%emt 0:00:38]} Kf7 {[%emt 0:00:00]} 70. Qb7+ {[%emt 0:00:02]} Kf8 {[%emt 0:00:00]} 71. Ke6 {[%emt 0:00:18]} Qg8+ {[%emt 0:00:00]} 72. Kf6 {[%emt 0:00:35]} Qh8+ {[%emt 0:00:00]} 73. Kg6 {[%emt 0:00:18]} Qg8+ {[%emt 0:00:00]} 74. Kxh5 {[%emt 0:00:15]} Qh8+ {[%emt 0:00:00]} 75. Kg5 {[%emt 0:01:18]} Qg8+ {[%emt 0:00:04]} 76. Kf4 {[%emt 0:00:57]} Qa2 {[%emt 0:01:39]} 77. Qc8+ {[%emt 0:00:13]} Kg7 {[%emt 0:00:14]} 78. Qd7+ {[%emt 0:00:10]} Kh8 {[%emt 0:00:13]} 79. Ke5 {[%emt 0:00:48]} Qh2+ {[%emt 0:01:27]} 80. Ke6 {[%emt 0:00:33]} Qh1 {[%emt 0:00:39]} 81. e5 {[%emt 0:00:33]} Qh3 {[%emt 0:00:52]} 82. Ke7 {[%emt 0:00:56]} Qh4+ {[%emt 0:00:51]} 83. f6 {[%emt 0:00:11]} Qh7+ {[%emt 0:00:41]} 84. Kd8 {[%emt 0:00:15]} Qf7 {[%emt 0:01:16]} 85. Qe8+ {[%emt 0:00:29]} 1-0

[Event "WSCC 65 Open 2017"]
[Site "?"]
[Date "2017.11.18"]
[Round "10"]
[White "Certek, Pavel"]
[Black "Jhunjhnuwala, Krishan"]
[Result "1/2-1/2"]
[WhiteElo "2295"]
[BlackElo "2340"]
[PlyCount "53"]
[EventDate "2017.??.??"]
[EventType "swiss"]
[EventCountry "ITA"]
[SourceTitle "Acqui Terme"]
[TimeControl "40/5400+30:1800+30"]
[WhiteClock "0:24:29"]
[BlackClock "0:25:32"]

1. d4 {[%emt 0:00:06]} d5 {[%emt 0:00:10]} 2. c4 {[%emt 0:00:06]} e6 {[%emt 0:00:10]} 3. Nc3 {[%emt 0:00:23]} c5 {[%emt 0:00:19]} 4. e3 {[%emt 0:00:17]} Nf6 {[%emt 0:01:11]} 5. Nf3 {[%emt 0:00:36]} Nc6 {[%emt 0:02:01]} 6. a3 {[%emt 0:02:55]} cxd4 {[%emt 0:03:48]} 7. exd4 {[%emt 0:04:15]} dxc4 {[%emt 0:01:43]} 8. Bxc4 {[%emt 0:00:45]} Be7 {[%emt 0:00:24]} 9. O-O {[%emt 0:01:43]} O-O {[%emt 0:00:27]} 10. Be3 {[%emt 0:08:16]} a6 {[%emt 0:01:42]} 11. Rc1 {[%emt 0:11:16]} b5 {[%emt 0:05:15]} 12. Ba2 {[%emt 0:07:16]} Bb7 {[%emt 0:03:56]} 13. d5 {[%emt 0:05:28]} exd5 {[%emt 0:02:33]} 14. Nxd5 {[%emt 0:00:15]} Nxd5 {[%emt 0:03:46]} 15. Bxd5 {[%emt 0:02:10]} Rc8 {[%emt 0:05:03]} 16. Ne5 {[%emt 0:06:58]} Nxe5 {[%emt 0:11:50]} 17. Bxb7 {[%emt 0:01:55]} Rxc1 {[%emt 0:03:52]} 18. Qxc1 {[%emt 0:00:33]} Nc4 {[%emt 0:05:05]} 19. Bxa6 {[%emt 0:08:26]} Qd7 {[%emt 0:04:13]} 20. a4 {[%emt 0:02:49]} Nxe3 {[%emt 0:10:45]} 21. Qxe3 {[%emt 0:00:54]} bxa4 {[%emt 0:00:32]} 22. Qb6 {[%emt 0:07:10]} Bf6 {[%emt 0:02:25]} 23. Bb5 {[%emt 0:01:11]} Qd4 {[%emt 0:04:55]} 24. Qxd4 {[%emt 0:01:55]} Bxd4 {[%emt 0:00:04]} 25. Bxa4 {[%emt 0:00:06]} Bxb2 {[%emt 0:00:18]} 26. Rb1 {[%emt 0:00:47]} Rc8 {[%emt 0:01:31]} 27. g3 {[%emt 0:00:30]} 1/2-1/2

[Event "WSCC 65 Open 2017"]
[Site "?"]
[Date "2017.11.18"]
[Round "10"]
[White "Mannion, Stephen R"]
[Black "Vebic, Kasem"]
[Result "1-0"]
[WhiteElo "2294"]
[BlackElo "2118"]
[PlyCount "47"]
[EventDate "2017.??.??"]
[EventType "swiss"]
[EventCountry "ITA"]
[SourceTitle "Acqui Terme"]
[TimeControl "40/5400+30:1800+30"]
[WhiteClock "0:36:03"]
[BlackClock "0:50:23"]

1. e4 {[%emt 0:00:00]} e5 {[%emt 0:00:56]} 2. Nf3 {[%emt 0:00:00]} Nc6 {[%emt 0:00:21]} 3. Bb5 {[%emt 0:00:00]} Bc5 {[%emt 0:01:02]} 4. O-O {[%emt 0:00:00]} Qf6 {[%emt 0:02:26]} 5. Nc3 {[%emt 0:04:42]} Nge7 {[%emt 0:00:27]} 6. Nd5 {[%emt 0:11:39]} Nxd5 {[%emt 0:05:36]} 7. exd5 {[%emt 0:00:03]} Ne7 {[%emt 0:05:36]} 8. Qe2 {[%emt 0:01:04]} a6 {[%emt 0:02:27]} 9. Ba4 {[%emt 0:01:25]} b5 {[%emt 0:01:04]} 10. Bb3 {[%emt 0:00:10]} d6 {[%emt 0:02:55]} 11. d4 {[%emt 0:01:55]} Bb6 {[%emt 0:01:17]} 12. Bg5 {[%emt 0:03:10]} Qf5 {[%emt 0:00:58]} 13. dxe5 {[%emt 0:01:29]} dxe5 {[%emt 0:00:26]} 14. Bxe7 {[%emt 0:09:28]} Kxe7 {[%emt 0:00:12]} 15. Nxe5 {[%emt 0:00:09]} Kf6 {[%emt 0:03:01]} 16. Rae1 {[%emt 0:04:25]} Bc5 {[%emt 0:02:03]} 17. Kh1 {[%emt 0:05:01]} h5 {[%emt 0:04:11]} 18. c3 {[%emt 0:04:26]} Bd6 {[%emt 0:01:01]} 19. f4 {[%emt 0:01:02]} Qh7 {[%emt 0:00:59]} 20. Qf2 {[%emt 0:02:49]} h4 {[%emt 0:08:38]} 21. Bc2 {[%emt 0:10:06]} g6 {[%emt 0:03:33]} 22. Qd4 {[%emt 0:02:09]} Kg7 {[%emt 0:01:12]} 23. Ng4+ {[%emt 0:00:20]} Kf8 {[%emt 0:01:16]} 24. Nf6 {[%emt 0:00:25]} 1-0

[Event "WSCC 65 Open 2017"]
[Site "?"]
[Date "2017.11.17"]
[Round "10"]
[White "Van Riemsdijk, Herman C"]
[Black "Torre, Eugenio"]
[Result "*"]
[WhiteElo "2284"]
[BlackElo "2465"]
[Annotator "TA"]
[PlyCount "25"]
[EventDate "2017.??.??"]
[EventType "swiss"]
[EventCountry "ITA"]
[SourceTitle "Acqui Terme"]

{[%evp 21,25,24,39,0,0,-60]} 1. e4 e5 2. Nf3 Nc6 3. Bb5 a6 4. Ba4 Nf6 5. O-O Nxe4 6. Re1 Nc5 7. Bxc6 dxc6 8. d4 Ne6 9. Nxe5 Be7 10. Be3 O-O 11. c4 f6 {LiveBook: 6 Games. C80: Open Ruy Lopez: Sidelines and 9 Nbd2} (11... Re8 12. Nc3 f6 13. Nf3 Nf8 14. Qc2 Bg4 15. Nd2 Qd7 16. Nde4 b6 17. f3 Bf5 18. Rad1 Rad8 19. Qf2 {½-½ (35) Kosteniuk,A (2555)-Muzychuk,A (2558) Doha 2016}) 12. Nd3 Re8 $146 ({Predecessor:} 12... Rf7 13. Nc3 Nxd4 14. Nf4 Nf5 15. Qb3 Qf8 16. Rad1 Bd6 17. g3 c5 18. Ncd5 Rb8 19. Qc2 b6 20. Nc3 Bxf4 21. Bxf4 Nd4 22. Qd3 Bg4 {0-1 (22) Zrinski,S (1228)-Baioni,A (800) IECG email 2002}) 13. Nc5 (13. Nf4 $11) *